<The> role of large producers in industrial districts: A case study of ligh technology systems houses in Southern California.

Návrh celkovej koncepcie priemyselného obvodu. Vzájomne späté predstavy o spoločenskej deľbe práce, vonkajších úsporách a lokalizačných aglomeráciách. Úloha veľkých priemyselných jednotiek pri udržaní rastu a rozvoja priemyselných obvodov. Priemyselný obvod ako dôležitý fenomén v čase a priestore. Z...

Descrizione completa

Salvato in:
Dettagli Bibliografici
Autore principale: Scott, A.J
Natura: Capitolo di libro
Lingua:inglese
Soggetti:
Tags: Aggiungi Tag
Nessun Tag, puoi essere il primo ad aggiungerne!!

MARC

LEADER 00000naa a2200000 4500
001 r011031
005 20221213085229.3
041 0 |a eng 
044 |a GB 
245 1 0 |a <The> role of large producers in industrial districts: A case study of ligh technology systems houses in Southern California.  |c A.J. Scott 
520 |a Návrh celkovej koncepcie priemyselného obvodu. Vzájomne späté predstavy o spoločenskej deľbe práce, vonkajších úsporách a lokalizačných aglomeráciách. Úloha veľkých priemyselných jednotiek pri udržaní rastu a rozvoja priemyselných obvodov. Priemyselný obvod ako dôležitý fenomén v čase a priestore. Zamestnanosť v podnikoch s vyspelými technológiami. 
610 2 0 |a regióny priemyselné 
610 2 0 |a podnik 
610 2 0 |a technológie nové 
610 2 0 |a deľba práce 
610 2 0 |a zamestnanosť 
610 2 0 |a USA 
610 2 0 |a štúdie prípadové 
610 2 0 |a koncepcie 
610 2 0 |a aglomerácie priemyselné 
610 2 0 |a južná Kalifornia 
100 1 |a Scott, A.J.